Statistics for Top 10 Spanish female christian names in 2016 births

Click here to take the quiz!

General Stats

  • This quiz has been taken 22 times
  • The average score is 3 of 10

Answer Stats

Answer% Correct
Maria
100%
Sofia
45%
Sara
35%
Daniela
30%
Lucia
25%
Paula
25%
Alba
15%
Carla
15%
Claudia
15%
Irene
10%

Score Distribution

Percentile by Number Answered

Percent of People with Each Score

Your Score History

You have not taken this quiz